000 00579nam a2200181 a 4500
001 000042288
005 20240229073833.0
008 131122s2013 dr r 000 0 spa d
020 _a9789945009163
040 _aDO-SdBNP
_bspa
_cBNPHU
082 _axxxx
_bxxxx
245 0 0 _aVisión del padre de la patria a través de doce poetas dominicanos. /
_cselección y prólogo, Mateo Morrison.
250 _a2a. ed.
260 _aSanto Domingo, :
_bSantuario,
_c2013.
300 _a61 p. ;
_c22 cm.
590 _aInventariado, 2019/BT
700 1 _aMorrison, Mateo,
_d1947-
_eprol.
_91469
999 _c41777
_d41777